000 004970000a22001930004500
003 LK-CoMWRAF
005 20231013120031.0
008 230817t2000 ||||| |||| 00| 0 eng d
020 _a0072420960
040 _aLK-CoMWRAF
_dLK-CoMWRAF
_eLK-CoMWRAF
041 _aeng
082 _a103
_bPEN
100 _aPence, Gregory
245 _aA Dictionary of common Philosophical Terms
260 _bLondon:
_aMcGraw-Hill,
_c2000
300 _a57 p.
650 _aPHILOSOPHY-Dictionaries
942 _cREF
999 _c2427
_d2427